The Argentina Quiz - Statistics

General Stats
  • This quiz has been taken 622 times
  • The average score is 8 of 10
Answer Stats
Hint Answer % Correct
The capital city Buenos Aires
99%
The number of countries Argentina shares a border with Five
98%
The language spoken there Spanish
96%
The currency Argentine Peso
95%
Continent that Argentina is part of South America
95%
Islands Argentina and Britain fought over in 1982 Falkland Islands
83%
Argentina's second largest city Córdoba
82%
The year Argentina won their second FIFA World Cup 1986
77%
Argentina's largest newspaper Clarín
66%
The national sport Pato
54%
No matching quizzes found
Score Distribution
Percent of People with Each Score
Percentile by Number Answered
Your Score History
You have not taken this quiz